| 000 | 00346nam a2200145Ia 4500 | ||
|---|---|---|---|
| 008 | 191201s2012 xx 000 0 und d | ||
| 082 |
_a368.32 _bPRG |
||
| 100 | _aGULATI, Neelam C | ||
| 245 | 0 | _aPrinciples of Insurance Management | |
| 250 | _aRep | ||
| 260 |
_aN. Delhi _bExcel Books _c2012 |
||
| 300 | _a342 | ||
| 650 | _aBBA | ||
| 942 |
_2ddc _cBK |
||
| 999 |
_c5773 _d5773 |
||